LEADER 01450nam a2200325 i 4500 001 000000073322 003 CaOOAMICUS 005 20130724000000.0 008 130724s2000 xx u000 u eng u 013 $a44494 020 $a90-6186-966-8 020 $a90-429-0785-1 040 $aSeMil$bita 100 1 $aBegg, Christopher.$0(OLS)http://semarc/name/19725 245 10$aJosephus' Story of the Later Monarchy (AJ 9,1-10,185) /$cBy Christopher Begg. 260 $aLeuven :$bUitgeverij Peeters,$c2000. 260 $aLeuven :$bUniversity Press,$c2000. 300 $aX, 708,7 p. ;$c25 cm. 490 0 $aBibliotheca Ephemeridum Theologicarum Lovaniensium ;$v145. 500 $aContiene : Bibliography. 600 04$aGiuseppe, Flavio .$0(OLS)http://semarc/subject/8451 830 0$aBibliotheca Ephemeridum Theologicarum Lovaniensium ;$v145.$0(OLS)http://semarc/title/108 850 $aSeMil 852 $aSeMil$W1$xVenegono$y1$m2IA A 145$j39474$B39474$CSeMilBibl$Z2$F39478 $81 961 $aSottoscrizione: Glossa (Libreria) 996 $6020$a90-6186-966-8$9(OLS)http://semarc/number/52764 996 $6020$a90-429-0785-1$9(OLS)http://semarc/number/52765 996 $6245$aJosephus' Story of the Later Monarchy (AJ 9,1-10,185)$9(OLS)http://semarc/title/118373 996 $6260$aLeuven :$bUniversity Press$9(OLS)http://semarc/publisher/30124 996 $6260$aLeuven :$bUitgeverij Peeters$9(OLS)http://semarc/publisher/30123 LEADER 01503nam a2200289 i 4500 001 000000105775 003 CaOOAMICUS 005 20241203103057.0 008 030404s2002 gw u000 u ger u 013 $a77969 020 $a3-11-017257-7 040 $aSeMil$bita 100 1 $aSchmitt, Tassilo.$0(OLS)http://semarc/name/44556 245 10$aParoikie und Oikumene :$bsozial- und mentalitätsgeschichtliche Untersuchungen zum 1. Clemensbrief /$cTassilo Schmitt. 260 $aBerlin ; New York :$bDe Gruyter,$c2002. 300 $a161 p. ;$c24 cm. 490 0 $aBeihefte zur Zeitschrift für die neutestamentliche Wissenschaft und die Kunde der älteren Kirche ;$v110 650 04$aClemente I . Epistula ad Corinthios.$0(OLS)http://semarc/subject/12602 650 4$aRappresentazioni sociali - Roma - Sec. 1.$0(OLS)http://semarc/subject/56741 830 0$aBeihefte zur Zeitschrift für die neutestamentliche Wissenschaft und die Kunde der älteren Kirche ;$v110.$0(OLS)http://semarc/title/296 850 $aSeMil 852 $aSeMil$W1$xVenegono$y1$m2XA R 110$j252739$B61937$CSeMilBibl$Z2$F71306 $81 961 $aSottoscrizione: De Gruyter 996 $6020$a3-11-017257-7$9(OLS)http://semarc/number/86014 996 $6245$aParoikie und Oikumene :$bsozial- und mentalitätsgeschichtliche Untersuchungen zum 1. Clemensbrief$9(OLS)http://semarc/title/153204 996 $6260$aBerlin ; New York :$bDe Gruyter$9(OLS)http://semarc/publisher/29892 LEADER 04755nam a2200505 i 4500 001 000000030708 003 CaOOAMICUS 005 20230814111458.0 008 180830s17841791au u000 u ger u 040 $aSeMil$bita 100 1 $aBérault Bercastel, Antoine Henri : de,$d<1722-1794>.$0(OLS)http://semarc/name/14148 240 10$aHistoire de l'Église.$0(OLS)http://semarc/title/27923 245 10$aGeschichte der Kirche ... aus dem Französischen des Herrn Abbts de Berault-Bercastel, Domherrn an der Kirche zu Noyon. 1. Band [-24. Band]. 264 1$aWien :$bgedruckt bey Mathias Andreas Schmidt,$c1784-1791. 300 $a24 v. ;$c12°. 500 $aVignetta xilogr. sui front. - Fregi xilogr. 500 $aDal Band. 21. al 24. pubblicata da: Augsburg : bei Nicolaus Doll 650 4$aChiesa - Storia.$0(OLS)http://semarc/subject/8 774 0 $t1. Band. Worinn der Zeitraum vom Anfange der Kirche bis zum Ende der 5ten Verfolgung im Jahre Christi 211 enthalten ist.$g1$w()234459 774 0 $t2. Band. Vom Ende der fünften Verfolgung im Jahre 211 bis zum Tode des Kaisers Konstantinus im Jahre 337.$g2$w()234461 774 0 $t3. Band. Von dem Tode des Kaisers Konstantinus im Jahre 337 bis auf den Tod Theodosii des Großen im Jahre 395.$g3$w()234462 774 0 $t4. Band. Von dem Tode des grossen Theodosius im Jahre 395 bis zu dem Verfalle des occidentali[s]chen Reiches 423.$g4$w()234460 774 0 $t5. Band. Von dem Verfalle des occidentalischen Reiches im Jahre 423, bis zur Bekehrung der Franken im Jahre 496.$g5$w()234463 774 0 $t6. Band. Von der Bekehrung der Franken im Jahre 496 bis zum Ende Gregorii des Großen im Jahre 604.$g6$w()234465 774 0 $t7. Band. Von dem Tode Gregorii des Großen im Jahre 604 bis zur Regierung Karls des Großen im Jahre 768.$g7$w()234464 774 0 $t8. Band. Vom Anfange der Regierung Karls des Großen im Jahre 768 bis zur Trennung des Photius im Jahre 858.$g8$w()234467 774 0 $t9. Band. Von dem Anfange der Spaltung der Griechen im Jahre 858 bis zur neuen Kirchenspaltung derselben im Jahre Christi 995.$g9$w()234466 774 0 $t10. Band. Von der Erneuerung der griechischen Spaltung im Jahre Christi 995 bis zu dem Papsttume Urbani des II. im Jahre Christi 1088.$g10$w()234480 774 0 $t11. Band. Von dem Anfange des Papsttumes Urbanus 2. im Jahre Christi 1088 bis auf den Tod des heil. Bernardus im Jahre Christi 1153.$g11$w()234479 774 0 $t12. Band. Von dem Tode des heil. Bernardus im Jahre 1153 bis auf des erste allgemeine Concilium zu Lyon im Jahre 1245.$g12$w()234482 774 0 $t13. Band. Vom Anfange des erste allgemeinen Concilium zu Lyon im Jahre 1245 bis zum Tode des Papstes Johannes 22.. im Jahre 1374 [i. 1334].$g13$w()234483 774 0 $t14. Band. Von dem Tode Johannes 22. im Jahre 1334 bis zum Fall der Hauptstützen des großen Schisma in Deutschland im Jahre 1440.$g14$w()234485 774 0 $t15. Band. Von dem Fall der Hauptstützen des großen Schisma in Occident im Jahre 1400 bis zur Vertilgung der Kirchenspaltung zu Basel im Jahre 1449.$g15$w()234487 774 0 $t16. Band. Von der Vertilgung der Kirchenspaltung zu Basel im Jahre 1449, bis zum Anfange des Lutheranismus im Jahre 1517.$g16$w()234490 774 0 $t17. Band. Vom Anfange des Lutheranismus im Jahre 1517 bis zur Eröffnung des tridentischen Kirchenrathes im Jahre 1545.$g17$w()234488 774 0 $t18. Band. Von dem Anfange des Concilium von Trient im Jahre 1545 bis zu Ende desselben im Jahre 1563.$g18$w()234489 774 0 $t19. Band. Vom Ende des Koncilium zu Trient im Jahre 1563 bis zur Aussöhnung des Königs Heinrich 4. mit der römischen Kirche im Jahre 1595.$g19$w()234486 774 0 $t20. Band. Von der Aussöhnung des Königs Heinrich 4. mit der römischen Kirche im Jahre 1595 bis zum Ursprung des Jansenismus im Jahre 1630.$g20$w()234491 774 0 $t21. Band. Vom Anfange des Jansenismus im Jahre 1630 bis zum westphälischen Friedensschluße im Jahre 1648.$g21$w()234492 774 0 $t22. Band. Von dem westphälischen Friedensschluße im Jahre 1648 bis zur Wahl Innozenz des 11. im Jahre 1676.$g22$w()234493 774 0 $t23. Band. Vom Anfange des Papsttumes Innozenz des 11. im Jahre 1676 bis zum Papsttume Clemens des 11. im Jahre 1700.$g23$w()234494 774 0 $t24. Band. Vom Anfange des Papsttumes Clemens des 11. im Jahre 1700 bis zum Tode desselben im Jahre 1721.$g24$w()234495 996 $6245$aGeschichte der Kirche ... aus dem Französischen des Herrn Abbts de Berault-Bercastel, Domherrn an der Kirche zu Noyon. 1. Band [-24. Band]$9(OLS)http://semarc/title/41789 996 $6264$aWien :$bgedruckt bey Mathias Andreas Schmidt$9(OLS)http://semarc/publisher/38629 LEADER 01683nam a2200313 i 4500 001 000000213943 003 CaOOAMICUS 005 20260318142715.0 008 120615s2012 it u000 u eng u 013 $a192798 020 $a978-88-7653-197-2 040 $aSeMil$bita 100 1 $aGarcía Serrano, Andrés.$0(OLS)http://semarc/name/76181 245 14$aThe presentation in the Temple :$bthe narrative function of Lk 2:22-39 in Luke-Acts /$cAndrés García Serrano. 260 $aRoma :$bGBP, Gregorian & Biblical Press,$c2012. 300 $a447 p. ;$c21 cm. 490 0 $aAnalecta Biblica : investigationes scientificae in res biblicas ;$v197 650 4$aBibbia. Nuovo Testamento. Vangelo secondo Luca - Commentari, studi, critica, interpretazioni.$0(OLS)http://semarc/subject/142 650 4$aBibbia. Nuovo Testamento. Vangelo secondo Luca - Analisi narrativa e linguistica.$0(OLS)http://semarc/subject/35129 650 4$aBibbia. Nuovo Testamento. Vangelo secondo Luca, 2, 22-39.$0(OLS)http://semarc/subject/39918 650 4$aGesù Cristo - Presentazione al Tempio.$0(OLS)http://semarc/subject/46673 830 0$aAnalecta biblica ;$v197.$0(OLS)http://semarc/title/6 850 $aSeMil 852 $aSeMil$W1$xVenegono$y1$m2HA G 197$j268652$B164371$CSeMilBibl$Z2$F175387 $81 961 $aSottoscrizione: Pontificio Istituto Biblico 996 $6020$a978-88-7653-197-2$9(OLS)http://semarc/number/210069 996 $6245$aThe presentation in the Temple :$bthe narrative function of Lk 2:22-39 in Luke-Acts$9(OLS)http://semarc/title/308364 996 $6260$aRoma :$bGBP, Gregorian & Biblical Press$9(OLS)http://semarc/publisher/33573